000 01157cam a22003374i 4500
003 PE-LiUPU
005 20250731183354.0
008 160926s r 000 0 spa d
035 _a(Sirsi) a163785
040 _aPE-LiUPU
_bspa
_cPE-LiUPU
_erda
049 _aPRUA
082 0 4 _a746
_bC9
_220
245 0 3 _aLa cultura paracas :
_btreinta siglos de arte textil /
_cAntonio Pierantoni Campora [editor].
264 _aLima :
_bDiscopy.
_c2005?
300 _bilustraciones ;
_c32 centímetros.
336 _atext
_2rdacontent
337 _aunmediated
_2rdamedia
338 _avolume
_2rdacarrier
504 _aBibliografía : al final
505 0 _aUna reserva natural fecunda de historia: arqueologia de paracas.
526 _aP158
526 _aP146
526 _aP17
526 _aP12
526 _aP06
910 _ajck
942 _2ddc
_cBOOK
949 _a746 C9
_wDEWEY
_c1
_i74772
_lCATALOGING
_mBUL
_p42.63
_r0
_sY
_tBOOK
_u26/09/16
_xINGENIERIA
_0COMPRA
_o.STAFF. Colección Ingenieria y Arquitectura
999 _c12648
_d12648
980 _81
_gALBERTO SANCHEZ Responsable de Automatización